[Event "SLO-chT Central 1st League 12th"]
[Site "Slovenia"]
[Date "2011.10.13"]
[Round "5.4"]
[White "Kuncic, Milenko"]
[Black "Kastelic, Anton"]
[Result "1-0"]
[WhiteElo "1729"]
[BlackElo "1629"]
[PlyCount "33"]
[EventDate "2011.09.08"]
[EventType "team-tourn"]
[EventRounds "9"]
[EventCountry "SLO"]
[SourceTitle "EXT 2022"]
[Source "ChessBase"]
[SourceDate "2021.10.06"]
[SourceVersion "1"]
[SourceVersionDate "2021.10.06"]
[SourceQuality "1"]
[WhiteTeam "Zeleznicar"]
[BlackTeam "Visnja Gora Sticna"]
[WhiteTeamCountry "SLO"]
[BlackTeamCountry "SLO"]

1. e4 d6 2. d4 e5 3. dxe5 dxe5 4. Qxd8+ Kxd8 5. Bc4 Be6 6. Bg5+ Nf6 7. Bxe6 fxe6 8. Nc3 c6 9. Nf3 Bd6 10. 0-0-0 Kc7 11. Rd2 Na6 12. a3 b6 13. Rhd1 Rad8 14. b4 Rhf8 15. Bh4 h6 16. Bg3 Nh5 17. Rxd6 1-0

[Event "SLO-chT Central 1st League 12th"]
[Site "Slovenia"]
[Date "2011.09.08"]
[Round "1.3"]
[White "Abe, Aljaz"]
[Black "Kuncic, Milenko"]
[Result "0-1"]
[WhiteElo "1710"]
[BlackElo "1729"]
[PlyCount "50"]
[EventDate "2011.09.08"]
[EventType "team-tourn"]
[EventRounds "9"]
[EventCountry "SLO"]
[SourceTitle "EXT 2022"]
[Source "ChessBase"]
[SourceDate "2021.10.06"]
[SourceVersion "1"]
[SourceVersionDate "2021.10.06"]
[SourceQuality "1"]
[WhiteTeam "Loka pri Mengsu"]
[BlackTeam "Zeleznicar"]
[WhiteTeamCountry "SLO"]
[BlackTeamCountry "SLO"]

1. d4 g6 2. c4 Bg7 3. Nc3 Nf6 4. Nf3 0-0 5. Bf4 d6 6. e3 Nbd7 7. Bd3 c5 8. 0-0 b6 9. Qc2 Bb7 10. Rad1 Bxf3 11. gxf3 cxd4 12. exd4 Qc8 13. Kh1 e5 14. Bg3 Nh5 15. Nd5 Re8 16. Nb4 Ndf6 17. d5 Qh3 18. Rg1 Nf4 19. Bf1 Qh5 20. Bxf4 Qxf3+ 21. Bg2 Qxf4 22. Nd3 Qh4 23. Rge1 e4 24. Nb4 Ng4 25. Kg1 e3 0-1

[Event "SLO-chT Central 1st League 11th"]
[Site "Slovenia"]
[Date "2010.10.14"]
[Round "5.2"]
[White "Janjic, Vitomir"]
[Black "Kuncic, Milenko"]
[Result "1-0"]
[WhiteElo "1989"]
[BlackElo "1684"]
[PlyCount "101"]
[EventDate "2010.09.09"]
[EventType "team-tourn"]
[EventRounds "9"]
[EventCountry "SLO"]
[SourceTitle "EXT 2022"]
[Source "ChessBase"]
[SourceDate "2021.10.06"]
[SourceVersion "1"]
[SourceVersionDate "2021.10.06"]
[SourceQuality "1"]
[WhiteTeam "Domzale SD"]
[BlackTeam "Zeleznicar"]
[WhiteTeamCountry "SLO"]
[BlackTeamCountry "SLO"]

1. Nf3 Nf6 2. b3 b6 3. Bb2 Bb7 4. e3 d5 5. d4 e6 6. Bd3 Nbd7 7. Qe2 Be7 8. Nbd2 0-0 9. 0-0 h6 10. e4 dxe4 11. Nxe4 Nxe4 12. Bxe4 Bxe4 13. Qxe4 Nf6 14. Qe2 Qd5 15. Rfe1 Bd6 16. c4 Qh5 17. h3 Rfe8 18. Qe3 Rad8 19. Rad1 Qf5 20. Ne5 Bxe5 21. Qxe5 Qc2 22. Qe2 Qf5 23. Rd2 Qg5 24. Bc3 Nh5 25. Qf3 Nf6 26. Rde2 a5 27. Re5 Qg6 28. R1e2 Rc8 29. g3 Nd7 30. R5e3 Nf6 31. Qc6 Nh5 32. Kh2 Nf6 33. d5 Qf5 34. Bxf6 Qxf6 35. dxe6 fxe6 36. Rxe6 Rxe6 37. Qxe6+ Qxe6 38. Rxe6 Kf7 39. Rc6 Ke8 40. c5 Kd7 41. Rg6 bxc5 42. Rxg7+ Kc6 43. Rg6+ Kb5 44. Rxh6 c4 45. Rh4 cxb3 46. axb3 Re8 47. Rh6 Re2 48. Rh7 Kb6 49. Rf7 Re1 50. h4 Rb1 51. Rf3 1-0

[Event "SLO-chT Central 1st League 11th"]
[Site "Slovenia"]
[Date "2010.09.09"]
[Round "1.2"]
[White "Kuncic, Milenko"]
[Black "Veskovic, Dzemal"]
[Result "0-1"]
[WhiteElo "1684"]
[BlackElo "1828"]
[PlyCount "72"]
[EventDate "2010.09.09"]
[EventType "team-tourn"]
[EventRounds "9"]
[EventCountry "SLO"]
[SourceTitle "EXT 2022"]
[Source "ChessBase"]
[SourceDate "2021.10.06"]
[SourceVersion "1"]
[SourceVersionDate "2021.10.06"]
[SourceQuality "1"]
[WhiteTeam "Zeleznicar"]
[BlackTeam "Crni Graben"]
[WhiteTeamCountry "SLO"]
[BlackTeamCountry "SLO"]

1. Nf3 e6 2. e4 d6 3. d4 a6 4. Bc4 Be7 5. e5 b5 6. Bd3 c5 7. exd6 Bxd6 8. dxc5 Bxc5 9. 0-0 Bb7 10. Bd2 Nf6 11. b4 Be7 12. a3 0-0 13. Nc3 Nbd7 14. Ng5 h6 15. Nge4 Ne5 16. Nxf6+ Bxf6 17. Be4 Bxe4 18. Nxe4 Nc4 19. Nxf6+ Qxf6 20. Be3 Rfd8 21. Qg4 Rd5 22. Rad1 Rad8 23. Rxd5 Rxd5 24. Rd1 Nxa3 25. Rxd5 exd5 26. g3 Qe6 27. Qd1 Qc6 28. Bc5 a5 29. c3 a4 30. Qg4 Qe6 31. Qd1 Qe4 32. Kf1 Nc4 33. f3 Qe6 34. g4 a3 35. Qc1 Qg6 36. Ke2 a2 0-1

[Event "Ljubljana-chT 62nd 1st League"]
[Site "Ljubljana"]
[Date "2009.02.19"]
[Round "7.2"]
[White "Kuncic, Milenko"]
[Black "Borisek, Anze"]
[Result "1-0"]
[WhiteElo "1663"]
[BlackElo "1830"]
[PlyCount "67"]
[EventDate "2009.01.08"]
[EventType "team-tourn"]
[EventRounds "9"]
[EventCountry "SLO"]
[SourceTitle "EXT 2022"]
[Source "ChessBase"]
[SourceDate "2021.10.06"]
[SourceVersion "1"]
[SourceVersionDate "2021.10.06"]
[SourceQuality "1"]
[WhiteTeam "Zeleznicar"]
[BlackTeam "Podpec Prigo"]
[WhiteTeamCountry "SLO"]
[BlackTeamCountry "SLO"]

1. e4 e5 2. d4 Nc6 3. d5 Nce7 4. Nf3 d6 5. c4 f5 6. exf5 Bxf5 7. Bd3 e4 8. g4 Bg6 9. Nd4 exd3 10. Ne6 Qd7 11. f4 Be4 12. 0-0 c6 13. Nc3 cxd5 14. cxd5 Bxd5 15. Nxd5 Nxd5 16. Re1 Nge7 17. Qxd3 Nc7 18. Nxc7+ Qxc7 19. Be3 Qd7 20. f5 Kf7 21. Bd4 h5 22. g5 Kg8 23. Re6 a6 24. a4 Nc6 25. Bc3 Re8 26. Rae1 Rxe6 27. Rxe6 Nd8 28. Re2 d5 29. Re5 d4 30. g6 Qc6 31. Bxd4 Bd6 32. Be3 Qc7 33. Re8+ Bf8 34. Rxd8 1-0

[Event "Ljubljana-chT 62nd 1st League"]
[Site "Ljubljana"]
[Date "2009.02.12"]
[Round "6.1"]
[White "Kuncic, Milenko"]
[Black "Rozic, Samo"]
[Result "0-1"]
[WhiteElo "1663"]
[BlackElo "1930"]
[PlyCount "84"]
[EventDate "2009.01.08"]
[EventType "team-tourn"]
[EventRounds "9"]
[EventCountry "SLO"]
[SourceTitle "EXT 2022"]
[Source "ChessBase"]
[SourceDate "2021.10.06"]
[SourceVersion "1"]
[SourceVersionDate "2021.10.06"]
[SourceQuality "1"]
[WhiteTeam "Zeleznicar"]
[BlackTeam "Ig"]
[WhiteTeamCountry "SLO"]
[BlackTeamCountry "SLO"]

1. e4 e6 2. d4 d5 3. Nd2 Nf6 4. e5 Nfd7 5. Ne2 c5 6. c3 Nc6 7. Nf3 b5 8. g3 Qb6 9. Bg2 Ba6 10. 0-0 b4 11. Re1 Bxe2 12. Rxe2 c4 13. Bg5 Qa5 14. Qe1 Rb8 15. Bd2 Rb7 16. cxb4 Bxb4 17. Bxb4 Qxb4 18. Qc3 Ke7 19. Ng5 h6 20. Nh3 Rhb8 21. Nf4 Qxc3 22. bxc3 Rb1+ 23. Re1 Rxe1+ 24. Rxe1 Rb2 25. Re2 Rb1+ 26. Bf1 Rc1 27. Rb2 Rxc3 28. Ne2 Ra3 29. f4 Nb6 30. g4 Rd3 31. f5 Nxd4 32. a4 Nxe2+ 33. Bxe2 Ra3 34. h3 d4 35. Bxc4 Nxc4 36. Rb7+ Kd8 37. Rxf7 Nxe5 38. Rxa7 d3 39. Kf1 d2 40. Ke2 Rd3 41. Kd1 Nc4 42. Ra8+ Kc7 0-1